Normal view
MARC view
- التدليك الذاتي
Entry Topical Term
001 - CONTROL NUMBER
- control field: 15163
003 - CONTROL NUMBER IDENTIFIER
- control field: JO-AjAnu
005 - DATE AND TIME OF LATEST TRANSACTION
- control field: 20230606072723.0
008 - FIXED-LENGTH DATA ELEMENTS
- fixed length control field: 230606|| aca||aabn | a|a d
040 ## - CATALOGING SOURCE
- Original cataloging agency: JO-AjAnu
- Transcribing agency: JO-AjAnu
150 ## - HEADING--TOPICAL TERM
- Topical term or geographic name entry element: التدليك الذاتي
670 ## - SOURCE DATA FOUND
- Source citation: Work cat.: (JO-AjAnu)7785: يونغ ، جاكلين, author 15162, التدليك الذاتي